000 00414nam a22001577a 4500
003 OSt
005 20240404105619.0
008 240404b |||||||| |||| 00| 0 eng d
040 _cCentral Library MRSPTU
100 _aHem Raj Steno (ਹੇਮ ਰਾਜ ਸਟੈਨੋ)
245 _aIkhlak (ਇਖਲਾਕ)
250 _a1st
260 _aPunjab
_bTarksheel Society Punjab
300 _a54
942 _2ddc
_cBK
_n0
999 _c9991
_d9991